000 00308nam a2200133Ia 4500
008 191201s2011 xx 000 0 und d
100 _aMITTAL, Nitin
245 0 _aInformation Theory and Coding
250 _a3rd
260 _c2011
_bBharat
_aYamunanagar
300 _a511
650 _aECE
942 _2ddc
_cBB
999 _c7584
_d7584